[Event "22nd ch-EUR Indiv 2022"]
[Site "Terme Catez SLO"]
[Date "2022.03.31"]
[Round "5.93"]
[White "Greicius, Pijus"]
[Black "Papadiamandis, Elliot"]
[Result "1/2-1/2"]
[BlackTitle "FM"]
[WhiteElo "2100"]
[BlackElo "2406"]
[WhiteFideId "12819093"]
[BlackFideId "36074160"]
[EventDate "2022.03.27"]

1. d4 Nf6 2. c4 g6 3. Nc3 d5 4. cxd5 Nxd5 5. e4 Nxc3 6. bxc3 Bg7 7. Nf3 c5 8. h3
O-O 9. Be2 Nc6 10. Be3 cxd4 11. cxd4 Qa5+ 12. Bd2 Qa3 13. d5 Ne5 14. O-O Bd7 15.
Rb1 Ba4 16. Qe1 Qxa2 17. Rxb7 Rfb8 18. Rxb8+ Rxb8 19. Bf4 Qb2 1/2-1/2

[Event "22nd ch-EUR Indiv 2022"]
[Site "Terme Catez SLO"]
[Date "2022.03.31"]
[Round "5.94"]
[White "Salimova, Nurgyul"]
[Black "Horvat, Damjan"]
[Result "1-0"]
[WhiteTitle "IM"]
[WhiteElo "2399"]
[BlackElo "2145"]
[WhiteFideId "2915138"]
[BlackFideId "14545535"]
[EventDate "2022.03.27"]

1. d4 d5 2. c4 c6 3. Nc3 Nf6 4. Nf3 a6 5. Qc2 g6 6. Bg5 Nbd7 7. cxd5 cxd5 8. e3
Bg7 9. h4 h6 10. Bf4 O-O 11. Bd3 b5 12. O-O Bb7 13. Rfc1 Ng4 14. h5 e5 15. dxe5
g5 16. Bg3 Ndxe5 17. Nd4 Nxd3 18. Qxd3 Nf6 19. Nf5 Nxh5 20. Bd6 Re8 21. Nxd5
Bxd5 22. Qxd5 Nf6 23. Qb7 Qd7 24. Qxd7 Nxd7 25. Rc7 Nb6 26. Bc5 Nd5 27. Rd7 Nf6
28. Rb7 Re5 29. Ne7+ Kh7 30. Bd4 Re6 31. Nf5 Bh8 32. Rc1 Kg6 33. Ne7+ Kh7 34.
Nc8 Kg6 35. f3 Bg7 36. Ne7+ Kh7 37. Nf5 Kg6 38. Nxg7 Kxg7 39. Rcc7 Rf8 40. Bc5
Rd8 41. Rxf7+ Kg6 42. Bd4 h5 43. Rg7+ Kf5 44. Rbf7 Rdd6 45. Kf2 1-0

[Event "22nd ch-EUR Indiv 2022"]
[Site "Terme Catez SLO"]
[Date "2022.03.31"]
[Round "5.95"]
[White "Chennaoui, Yasin"]
[Black "Sokolovsky, Yahli"]
[Result "1/2-1/2"]
[BlackTitle "FM"]
[WhiteElo "2015"]
[BlackElo "2395"]
[WhiteFideId "1330667"]
[BlackFideId "2820242"]
[EventDate "2022.03.27"]

1. Nf3 Nf6 2. c4 g6 3. e3 Bg7 4. d4 O-O 5. Be2 d6 6. Nc3 a5 7. O-O Na6 8. b3 Bf5
9. Bb2 c6 10. Nh4 Bd7 11. Nf3 Re8 12. e4 e5 13. d5 cxd5 14. exd5 Nh5 15. g3 Bg4
16. Nh4 Bxe2 17. Nxe2 Nc5 18. Ng2 Qb6 19. Rb1 f5 20. Bc1 Nf6 21. a3 a4 22. b4
Nb3 23. Be3 Qa6 24. c5 Qc4 25. Nc1 Nd4 26. Bxd4 exd4 27. Nf4 Nxd5 28. Nxd5 Qxd5
29. Nd3 Bh6 30. cxd6 Qxd6 31. Qf3 b6 32. Rbe1 Bd2 33. Re2 Bc3 34. Rd1 Rac8 35.
Rxe8+ Rxe8 36. Nf4 Qe5 37. Qc6 b5 38. Nd5 Rf8 39. Qxb5 Bb2 40. Qc4 Qe6 41. Qa2
Bxa3 42. Rxd4 Bc1 43. Rd1 Bg5 44. Qxa4 f4 45. Qa2 Rf7 46. Qa8+ Rf8 47. Qa2 Rf7
48. Qa8+ Rf8 49. Qa2 1/2-1/2

[Event "22nd ch-EUR Indiv 2022"]
[Site "Terme Catez SLO"]
[Date "2022.03.31"]
[Round "5.96"]
[White "Bukal, Vladimir Jr."]
[Black "Gregoric, Andraz"]
[Result "1-0"]
[WhiteTitle "IM"]
[WhiteElo "2391"]
[BlackElo "2091"]
[WhiteFideId "14502941"]
[BlackFideId "14629461"]
[EventDate "2022.03.27"]

1. d4 Nf6 2. Nf3 e6 3. Bg5 c5 4. e3 Qb6 5. Nbd2 Qxb2 6. Bxf6 gxf6 7. Be2 d5 8.
dxc5 Qc3 9. O-O f5 10. Rb1 Bg7 11. Nd4 a6 12. Bd3 Nd7 13. N2b3 Nxc5 14. Ne2 Qb4
15. Nf4 Nd7 16. Nd4 Qd6 17. Nh5 Bh6 18. Bxf5 exf5 19. Nxf5 Qc6 20. e4 dxe4 21.
Rb4 Nc5 22. Qd4 Rf8 23. Nf6+ 1-0

[Event "22nd ch-EUR Indiv 2022"]
[Site "Terme Catez SLO"]
[Date "2022.03.31"]
[Round "5.97"]
[White "Valiyev, Shahin"]
[Black "Ceres, Dragos"]
[Result "1/2-1/2"]
[BlackTitle "FM"]
[WhiteElo "1961"]
[BlackElo "2385"]
[WhiteFideId "13424203"]
[BlackFideId "13905864"]
[EventDate "2022.03.27"]

1. e4 e5 2. Nf3 Nc6 3. Bb5 a6 4. Ba4 Nf6 5. O-O b5 6. Bb3 Bb7 7. Re1 Bc5 8. c3
d6 9. d4 Bb6 10. a4 O-O 11. Bg5 h6 12. Bh4 Re8 13. d5 Na5 14. Bc2 g5 15. Nxg5
hxg5 16. Bxg5 Kg7 17. Qf3 Rh8 18. Nd2 Nc4 19. Nf1 Rh5 20. Qxh5 Nxh5 21. Bxd8
Rxd8 22. b3 Na5 23. axb5 axb5 24. Ne3 Bc8 25. h4 Nf6 26. g3 Bd7 27. Kg2 Nb7 28.
b4 Rc8 29. Ra6 Rg8 30. f3 Bc8 31. Ra2 Nh5 32. Kh2 Kh7 33. g4 Nf6 34. Kg2 Nh5 35.
Kh2 Nf6 36. Kg2 Nh5 37. Kh2 1/2-1/2

[Event "22nd ch-EUR Indiv 2022"]
[Site "Terme Catez SLO"]
[Date "2022.03.31"]
[Round "5.98"]
[White "Thybo, Jesper Sondergaard"]
[Black "Loukopoulos, Panagiotis-Athanasi"]
[Result "1-0"]
[WhiteTitle "GM"]
[WhiteElo "2590"]
[BlackElo "2020"]
[WhiteFideId "1438832"]
[BlackFideId "4293835"]
[EventDate "2022.03.27"]

1. Nf3 d5 2. g3 Bg4 3. Bg2 Nd7 4. h3 Bh5 5. c4 e6 6. cxd5 exd5 7. O-O Ngf6 8. d3
Bd6 9. e4 dxe4 10. dxe4 O-O 11. Qc2 Re8 12. Nh4 Nc5 13. Nc3 Be5 14. Be3 Qd3 15.
Rac1 Bxg3 16. Qxd3 Nxd3 17. fxg3 Nxc1 18. Bxc1 c6 19. Nf5 Re6 20. Bf4 Nd7 21. g4
Bg6 22. Rd1 Ne5 23. Na4 b6 24. Nc3 Rae8 25. Kh2 h5 26. Kg3 hxg4 27. hxg4 Kf8 28.
Bh3 Bxf5 29. exf5 R6e7 30. Bg2 c5 31. Bg5 f6 32. Bf4 Rd7 33. Rxd7 Nxd7 34. Bc6
Ke7 35. Bc7 Rh8 36. Nd5+ Ke8 37. a4 Rg8 38. b3 Rf8 39. Bb5 Rf7 40. Bxb6 axb6 41.
Nxb6 Re7 42. Nxd7 1-0

[Event "22nd ch-EUR Indiv 2022"]
[Site "Terme Catez SLO"]
[Date "2022.03.31"]
[Round "5.99"]
[White "Zelcic, Robert"]
[Black "Palczert, Matyas"]
[Result "1/2-1/2"]
[WhiteTitle "GM"]
[WhiteElo "2513"]
[BlackElo "2284"]
[WhiteFideId "14500310"]
[BlackFideId "784958"]
[EventDate "2022.03.27"]

1. e4 c5 2. Nf3 e6 3. d4 cxd4 4. Nxd4 Nc6 5. Nc3 Qc7 6. Ndb5 Qb8 7. a4 a6 8. Na3
Nf6 9. g3 Bb4 10. Bg2 d5 11. O-O d4 12. Ne2 e5 13. Bg5 Be6 14. Bxf6 gxf6 15. c3
Bxa3 16. Rxa3 Bc4 17. cxd4 Bxe2 18. Qxe2 Nxd4 19. Qh5 Qd6 20. Rc3 O-O 21. Bh3
Kg7 22. Rfc1 Nc6 23. Kg2 Qd2 24. Bf5 Qh6 25. Qxh6+ Kxh6 26. Rb3 Rab8 27. Bd7
Rfd8 28. Bxc6 bxc6 29. Rxb8 Rxb8 30. Rxc6 Kg7 31. Rxa6 Rxb2 32. a5 Ra2 33. Ra8
Ra4 34. Kf3 Ra3+ 35. Ke2 Ra2+ 36. Ke3 Ra3+ 37. Kd2 Ra2+ 38. Kc3 Rxf2 39. Rd8
Rxh2 40. Rd2 Rh1 41. Ra2 Rb1 42. a6 Rb8 43. Kc4 Kg6 44. Kd5 h5 45. Kd6 Ra8 46.
Kc7 f5 47. Kb7 Re8 48. exf5+ Kxf5 49. a7 Kg4 50. Rc2 Kxg3 51. Rc8 Re7+ 52. Rc7
Re8 53. Rc8 Re7+ 1/2-1/2

[Event "22nd ch-EUR Indiv 2022"]
[Site "Terme Catez SLO"]
[Date "2022.03.31"]
[Round "5.100"]
[White "Sanikidze, Tornike"]
[Black "Eric, Jovana"]
[Result "1/2-1/2"]
[WhiteTitle "GM"]
[BlackTitle "WGM"]
[WhiteElo "2439"]
[BlackElo "2278"]
[WhiteFideId "13602608"]
[BlackFideId "938238"]
[EventDate "2022.03.27"]

1. d4 Nf6 2. c4 e6 3. Nf3 Bb4+ 4. Bd2 Bxd2+ 5. Qxd2 O-O 6. Nc3 d5 7. e3 Qe7 8.
Qc2 Rd8 9. Rc1 dxc4 10. Bxc4 c5 11. O-O Nc6 12. dxc5 Qxc5 13. Qe2 Bd7 14. Bb3
Qa5 15. h3 Rac8 16. e4 Ne5 17. Nxe5 Qxe5 18. f4 Qd4+ 19. Kh2 Bc6 20. Bc2 Qd2 21.
Qf3 Qd4 22. Qe2 Qd2 23. Qf3 Qd4 1/2-1/2

[Event "22nd ch-EUR Indiv 2022"]
[Site "Terme Catez SLO"]
[Date "2022.03.31"]
[Round "5.101"]
[White "Mitev, Valentin"]
[Black "Golubovic, Boris"]
[Result "1/2-1/2"]
[WhiteTitle "FM"]
[BlackTitle "IM"]
[WhiteElo "2255"]
[BlackElo "2393"]
[WhiteFideId "2921707"]
[BlackFideId "14502160"]
[EventDate "2022.03.27"]

1. d4 d5 2. c4 e6 3. Nc3 Nf6 4. cxd5 exd5 5. Bg5 c6 6. e3 Be7 7. Bd3 Nbd7 8. Qc2
Nh5 9. Bxe7 Qxe7 10. Nge2 Nb6 11. O-O g6 12. Rae1 O-O 13. Nc1 Be6 14. Nb3 Rad8
15. Nc5 Bc8 16. f3 Ng7 17. Kh1 Nd7 18. Nb3 Nb6 19. a4 Be6 20. Nc5 Nc8 21. a5 b6
22. axb6 axb6 23. N5a4 c5 24. dxc5 bxc5 25. b3 c4 26. bxc4 dxc4 27. Be2 Nf5 28.
Nd1 Qb4 29. Nac3 Nce7 30. g4 Nd6 31. e4 Nc6 32. Ne3 Nd4 33. Qc1 Nb3 34. Qb2 Nb5
35. Nxb5 Qxb5 36. Qf6 Qc5 37. Bxc4 Bxc4 38. Nf5 gxf5 39. Qg5+ Kh8 40. Qf6+ 1/2-1/2

[Event "22nd ch-EUR Indiv 2022"]
[Site "Terme Catez SLO"]
[Date "2022.03.31"]
[Round "5.102"]
[White "Mihov, Filip"]
[Black "Lutsko, Artem"]
[Result "1-0"]
[WhiteElo "2255"]
[BlackElo "2390"]
[WhiteFideId "15003892"]
[BlackFideId "14188767"]
[EventDate "2022.03.27"]

1. d4 Nf6 2. c4 e6 3. g3 d5 4. Nf3 Bb4+ 5. Bd2 Bd6 6. Bg2 c6 7. O-O dxc4 8. Qc2
b5 9. e4 Be7 10. Nc3 Bb7 11. Rad1 Nbd7 12. Ng5 Qb6 13. Rfe1 e5 14. dxe5 Nxe5 15.
Bf4 Nfd7 16. Rxd7 Nxd7 17. e5 Bxg5 18. e6 Bxf4 19. exd7+ Kd8 20. gxf4 Kc7 21.
Qf5 f6 22. Rd1 Rad8 23. a4 Kb8 24. Ne4 c5 25. Rd6 Qa5 26. Nxc5 Qe1+ 27. Bf1 c3
28. bxc3 Qxc3 29. Nxb7 Kxb7 30. Qxb5+ Kc7 31. Rd5 Qe1 32. Qc5+ Kb7 33. Rd4 a5
34. Rd6 Qb1 35. h3 Ka8 36. Ra6+ Kb7 37. Qa7# 1-0

[Event "22nd ch-EUR Indiv 2022"]
[Site "Terme Catez SLO"]
[Date "2022.03.31"]
[Round "5.103"]
[White "Barp, Alberto"]
[Black "Kanov, Nikola"]
[Result "1/2-1/2"]
[WhiteTitle "IM"]
[BlackTitle "CM"]
[WhiteElo "2388"]
[BlackElo "2265"]
[WhiteFideId "872555"]
[BlackFideId "2928531"]
[EventDate "2022.03.27"]

1. d4 d5 2. c4 dxc4 3. Nf3 Nf6 4. e3 e6 5. Bxc4 c5 6. O-O Nc6 7. a3 a6 8. dxc5
Qxd1 9. Rxd1 Bxc5 10. b4 Be7 11. Bb2 O-O 12. Nbd2 b5 13. Be2 Bb7 14. Rac1 Rac8
15. Nb3 Nd5 16. Nc5 Bxc5 17. Rxc5 Nb6 18. Rc2 f6 19. Rdc1 Na4 20. Ba1 Ne7 21.
Nd4 Bd5 22. Bg4 Kf7 23. Bh5+ g6 24. Bd1 Nb6 25. Rc5 Nd7 26. Rxc8 Rxc8 27. Rxc8
Nxc8 28. a4 e5 29. Ne2 Ne7 30. Nc3 Bc4 31. Bb2 Nb8 32. Ne4 Nd5 33. Nd6+ Ke6 34.
Nxc4 bxc4 35. b5 axb5 36. axb5 Nd7 37. e4 Nc7 38. Be2 Nb6 39. Bc3 Nxb5 40. Ba5
Nd4 41. Bf1 c3 42. Bxc3 f5 43. f3 fxe4 44. fxe4 Nd7 45. Bc4+ Kf6 46. Bb4 h5 47.
Kf2 g5 48. Bd3 Kf7 49. Ke3 Nf6 50. h3 h4 51. Bc4+ Kg6 52. Bd6 Nc2+ 53. Ke2 Nd7
54. Ba6 Nd4+ 55. Kf2 Kf6 56. Bc8 Nb6 57. Bg4 Nc4 58. Bc7 Ke7 59. Be2 Nd6 60. Ke3
Nc2+ 61. Kd2 Nd4 62. Bd3 Ne6 63. Bb6 Nf4 64. Be3 Kf6 65. Bf1 Nxe4+ 66. Ke1 Kf5
67. Bb6 Nd5 68. Bd8 Ne3 69. Bd3 Nxg2+ 70. Kf1 Nf4 71. Bxe4+ Kxe4 72. Bxg5 Ng6
73. Ke2 Kf5 74. Bd8 Kf4 75. Kf2 e4 76. Bc7+ Ne5 77. Ke2 Kf5 78. Bd8 Ng6 79. Kf2
Ke6 80. Ke2 Kd5 81. Bf6 Ke6 82. Bd8 Ke5 83. Ke3 Kf5 84. Kf2 Ke6 85. Ke2 Kd5 86.
Bf6 Ke6 87. Bd8 1/2-1/2

[Event "22nd ch-EUR Indiv 2022"]
[Site "Terme Catez SLO"]
[Date "2022.03.31"]
[Round "5.104"]
[White "Ohanyan, Emin"]
[Black "Blagojevic, Tijana"]
[Result "1/2-1/2"]
[WhiteTitle "IM"]
[BlackTitle "WIM"]
[WhiteElo "2379"]
[BlackElo "2260"]
[WhiteFideId "13312022"]
[BlackFideId "16500270"]
[EventDate "2022.03.27"]

1. d4 d5 2. c4 c6 3. Nf3 Nf6 4. e3 Bg4 5. h3 Bh5 6. Nc3 e6 7. g4 Bg6 8. Ne5 Nbd7
9. h4 dxc4 10. Nxg6 hxg6 11. g5 Nd5 12. Bxc4 N5b6 13. Be2 Be7 14. f4 Qc7 15. Bd2
a6 16. a4 Rd8 17. a5 Nc8 18. Ne4 Bf8 19. b4 Ne7 20. Kf2 Nd5 21. Qb3 Be7 22. h5
Nf8 23. hxg6 Nxg6 24. Rxh8+ Nxh8 25. Rh1 Ng6 26. Bh5 Qc8 27. Nc5 Nf8 28. Bg4 Ng6
29. Nxe6 fxe6 30. Bh5 Kd7 31. Bxg6 Rh8 32. Be4 Rxh1 33. Bxh1 Qf8 34. Bf3 Kc7 35.
Ke2 Qf5 36. Qc4 Qh3 37. Bxd5 exd5 38. Qd3 Qh5+ 39. Ke1 Qh1+ 40. Qf1 Qxf1+ 41.
Kxf1 Kd7 1/2-1/2

[Event "22nd ch-EUR Indiv 2022"]
[Site "Terme Catez SLO"]
[Date "2022.03.31"]
[Round "5.105"]
[White "Samadov, Read"]
[Black "Shpanko, Nadiia"]
[Result "1-0"]
[WhiteTitle "FM"]
[BlackTitle "WIM"]
[WhiteElo "2375"]
[BlackElo "2247"]
[WhiteFideId "13417444"]
[BlackFideId "14132400"]
[EventDate "2022.03.27"]

1. d4 d5 2. c4 dxc4 3. e3 Nf6 4. Bxc4 e6 5. Nf3 c5 6. O-O a6 7. a4 Nc6 8. Nc3
cxd4 9. exd4 Be7 10. Re1 O-O 11. Bf4 Bd7 12. d5 exd5 13. Nxd5 Nxd5 14. Bxd5 Bb4
15. Re4 Bc5 16. Rc1 Qb6 17. Qc2 Bb4 18. Be3 Qa5 19. Qb3 Bd6 20. Bb6 Qb4 21. Rxb4
Nxb4 22. Bc5 Bxc5 23. Rxc5 Nxd5 24. Qxd5 Bc6 25. Qc4 b5 26. Qf4 Rad8 27. h4 Bxf3
28. Qxf3 bxa4 29. Rc4 Rd2 30. Qc3 Rfd8 31. Qxd2 1-0

[Event "22nd ch-EUR Indiv 2022"]
[Site "Terme Catez SLO"]
[Date "2022.03.31"]
[Round "5.106"]
[White "Marn, Jan"]
[Black "Spalir, Jernej"]
[Result "1/2-1/2"]
[WhiteTitle "FM"]
[BlackTitle "IM"]
[WhiteElo "2232"]
[BlackElo "2373"]
[WhiteFideId "14619245"]
[BlackFideId "14606518"]
[EventDate "2022.03.27"]

1. d4 Nf6 2. c4 e6 3. g3 d5 4. Nf3 dxc4 5. Bg2 a6 6. O-O Nc6 7. e3 Bd7 8. Qe2
Bd6 9. Qxc4 O-O 10. Nbd2 Rb8 11. Rd1 Qe7 12. Qc2 Nb4 13. Qb3 a5 14. e4 Qe8 15.
a4 Be7 16. Ne5 Bc8 17. Ndc4 b6 18. Be3 Bb7 19. f3 Nd7 20. Rac1 Nxe5 21. Nxe5 Bd6
22. Nc4 Bc6 23. Nxd6 cxd6 24. Ra1 d5 25. Bf4 Rd8 26. Bc7 Rd7 27. Bxb6 Qa8 28. e5
Rb8 29. Bc5 Na6 30. Qc3 Nxc5 31. Qxc5 Rdd8 32. Rdc1 Bxa4 33. Bf1 Rdc8 34. Qa3
Rxc1 35. Rxc1 Be8 36. Rc7 Rb7 37. Rc5 a4 38. Qc3 g6 39. Rc8 Rb8 40. Rc7 Rb7 41.
Rxb7 Qxb7 42. h4 h5 43. Kf2 Kg7 44. Ke3 Qb6 45. Bd3 Bc6 46. Kd2 1/2-1/2

[Event "22nd ch-EUR Indiv 2022"]
[Site "Terme Catez SLO"]
[Date "2022.03.31"]
[Round "5.107"]
[White "Kalogeris, Ioannis"]
[Black "Zadravec, Matija"]
[Result "1-0"]
[WhiteTitle "FM"]
[WhiteElo "2368"]
[BlackElo "2239"]
[WhiteFideId "4239563"]
[BlackFideId "14533413"]
[EventDate "2022.03.27"]

1. e4 e5 2. Nf3 Nc6 3. Nc3 Nf6 4. a3 d5 5. Bb5 dxe4 6. Nxe5 Qd6 7. d4 exd3 8.
O-O Bd7 9. Bf4 Nxe5 10. Bxe5 Qb6 11. Bxd7+ Kxd7 12. Qxd3+ Kc8 13. Rad1 Bd6 14.
Bxd6 cxd6 15. Rfe1 Rd8 16. Re7 Rd7 17. Qf5 Qd8 18. Rxf7 Kb8 19. Rxd7 Qxd7 20.
Qxd7 Nxd7 21. Rxd6 Kc8 22. Nd5 Kd8 23. c3 Rc8 24. Kf1 Ke8 25. Re6+ Kf8 26. Re4
Nc5 27. Rc4 b5 28. Rf4+ Ke8 29. Ke2 Na4 30. Rb4 Rc5 31. Rxb5 Rxb5 32. Nc7+ Kd7
33. Nxb5 Nxb2 34. Nxa7 Nc4 35. a4 Nb6 36. a5 Nc4 37. a6 Nd6 38. Kd3 Kc7 39. c4 1-0

[Event "22nd ch-EUR Indiv 2022"]
[Site "Terme Catez SLO"]
[Date "2022.03.31"]
[Round "5.108"]
[White "Saraci, Korab"]
[Black "Richter, Nils"]
[Result "1/2-1/2"]
[BlackTitle "FM"]
[WhiteElo "2229"]
[BlackElo "2365"]
[WhiteFideId "4701968"]
[BlackFideId "12990809"]
[EventDate "2022.03.27"]

1. e4 c5 2. c3 Nf6 3. e5 Nd5 4. d4 cxd4 5. Nf3 d6 6. cxd4 Nc6 7. Bc4 dxe5 8.
Nxe5 e6 9. O-O Be7 10. Bb5 Bd7 11. Nxd7 Qxd7 12. Nc3 O-O 13. Qg4 Nf6 14. Qg3
Qxd4 15. Rd1 Qg4 16. Qxg4 Nxg4 17. Rd7 Bc5 18. Ne4 Bb6 19. h3 Nge5 20. Rxb7 Na5
21. Re7 Rfd8 22. Be3 Bxe3 23. fxe3 Rdb8 24. Ba6 Rb6 25. Bf1 Rxb2 26. Rc1 Rb7 27.
Rxb7 Nxb7 28. Ba6 Nd8 29. Rc7 Kf8 30. Nd6 h5 31. Rc5 f6 32. Rc7 h4 33. Nb5 Rb8
34. a4 Ndc6 35. Nxa7 Rb1+ 36. Kf2 Rb2+ 37. Kg1 Rb1+ 38. Kf2 Rb2+ 39. Kg1 1/2-1/2

[Event "22nd ch-EUR Indiv 2022"]
[Site "Terme Catez SLO"]
[Date "2022.03.31"]
[Round "5.109"]
[White "Nareks, Matic"]
[Black "Giannoulakis, Lampros"]
[Result "0-1"]
[WhiteTitle "CM"]
[BlackTitle "FM"]
[WhiteElo "2202"]
[BlackElo "2362"]
[WhiteFideId "14629526"]
[BlackFideId "4247019"]
[EventDate "2022.03.27"]

1. e4 e5 2. Nf3 Nc6 3. Bc4 Nf6 4. d4 exd4 5. e5 d5 6. Bb5 Ne4 7. Nxd4 Bd7 8.
Bxc6 bxc6 9. O-O Bc5 10. f3 Ng5 11. f4 Ne4 12. Be3 Qb8 13. Nc3 Qxb2 14. Nxe4
dxe4 15. Qd2 Rd8 16. Rab1 Qa3 17. Rb3 Qa6 18. f5 Qc4 19. Qf2 Bc8 20. Ne6 fxe6
21. Bxc5 exf5 22. Rb8 Be6 23. Rb7 Rd2 24. Qxd2 Qxc5+ 25. Kh1 e3 26. Qe1 O-O 27.
Qg3 e2 28. Rg1 f4 29. Qh4 Qxe5 30. Rxa7 Bd5 31. Ra3 f3 32. gxf3 Rxf3 33. c4 Rh3+
34. cxd5 Qxh2# 0-1

[Event "22nd ch-EUR Indiv 2022"]
[Site "Terme Catez SLO"]
[Date "2022.03.31"]
[Round "5.110"]
[White "Vidic, Teja"]
[Black "Lenaerts, Lennert"]
[Result "1/2-1/2"]
[WhiteTitle "WIM"]
[BlackTitle "FM"]
[WhiteElo "2191"]
[BlackElo "2361"]
[WhiteFideId "14605511"]
[BlackFideId "211435"]
[EventDate "2022.03.27"]

1. e4 c5 2. Nf3 e6 3. g3 Nc6 4. Bg2 Nf6 5. Nc3 d5 6. exd5 exd5 7. d4 Bg4 8. h3
Bxf3 9. Qxf3 Nxd4 10. Qd3 Be7 11. Bg5 O-O 12. O-O-O Ne6 13. Bxf6 Bxf6 14. Nxd5
Nc7 15. Qf5 Nxd5 16. Rxd5 Qb6 17. c3 Rad8 18. Rhd1 g6 19. Qf3 Qe6 20. Qe4 Rxd5
21. Rxd5 Qxe4 22. Bxe4 1/2-1/2

[Event "22nd ch-EUR Indiv 2022"]
[Site "Terme Catez SLO"]
[Date "2022.03.31"]
[Round "5.111"]
[White "Janzelj, Lara"]
[Black "Kenneskog, Theodor"]
[Result "0-1"]
[WhiteTitle "WIM"]
[BlackTitle "FM"]
[WhiteElo "2160"]
[BlackElo "2354"]
[WhiteFideId "14608391"]
[BlackFideId "1715011"]
[EventDate "2022.03.27"]

1. d4 Nf6 2. c4 e6 3. Nf3 d5 4. g3 dxc4 5. Bg2 c5 6. Qa4+ Nbd7 7. O-O a6 8. Nc3
Rb8 9. dxc5 Bxc5 10. Qxc4 b5 11. Qh4 Bb7 12. Bf4 Rc8 13. Rfd1 Qb6 14. g4 h5 15.
g5 Ng4 16. e3 Nf8 17. Qg3 Ng6 18. Bd6 Bxe3 19. fxe3 Qxe3+ 20. Kf1 Rc4 21. h4 e5
22. Nd5 Bxd5 23. Rxd5 Rc2 24. Re1 Nh2+ 25. Nxh2 Qxg3 0-1

[Event "22nd ch-EUR Indiv 2022"]
[Site "Terme Catez SLO"]
[Date "2022.03.31"]
[Round "5.112"]
[White "Langheinrich, Ferenc"]
[Black "Ciolek, Andreas"]
[Result "1/2-1/2"]
[WhiteTitle "IM"]
[BlackTitle "FM"]
[WhiteElo "2351"]
[BlackElo "2191"]
[WhiteFideId "4641973"]
[BlackFideId "12906727"]
[EventDate "2022.03.27"]

1. d4 Nf6 2. c4 g6 3. Nc3 Bg7 4. e4 d6 5. Be2 O-O 6. h4 c5 7. d5 e6 8. h5 exd5
9. exd5 Re8 10. h6 Bh8 11. Bg5 Qb6 12. b3 Bf5 13. Kf1 Ne4 14. Nxe4 Bxe4 15. f3
Bc2 16. Qc1 a5 17. Bd1 Bd3+ 18. Be2 Bc2 19. Bd1 Bd3+ 20. Be2 1/2-1/2

[Event "22nd ch-EUR Indiv 2022"]
[Site "Terme Catez SLO"]
[Date "2022.03.31"]
[Round "5.113"]
[White "Giacomini, Hector"]
[Black "Milikow, Yoav"]
[Result "1/2-1/2"]
[BlackTitle "FM"]
[WhiteElo "2129"]
[BlackElo "2349"]
[WhiteFideId "605352"]
[BlackFideId "2822237"]
[EventDate "2022.03.27"]

1. Nf3 d5 2. e3 Nf6 3. c4 e6 4. b3 b6 5. Bb2 Bb7 6. Nc3 Nbd7 7. cxd5 exd5 8. d4
Bd6 9. Bd3 O-O 10. O-O a6 11. Rc1 Qe7 12. Ne2 Ne4 13. Nf4 f5 14. Be2 Rf6 15. Nd3
Rh6 16. g3 Ndf6 17. Nfe5 Qe8 18. Rc2 g5 19. Re1 c5 20. Bf1 c4 21. bxc4 dxc4 22.
Nxc4 g4 23. Nxd6 Nxd6 24. Nf4 Nd5 25. Bg2 Qf7 26. Nxd5 Bxd5 27. Rc7 Bxg2 28.
Rxf7 Bf3 29. Qxf3 gxf3 30. Rc7 b5 31. d5 Rg6 32. Bd4 Rd8 33. Rd1 b4 34. Be5 Nb5
35. Rc5 Re6 36. Bb2 Red6 37. h3 Kf7 38. Kh2 h5 39. Be5 R6d7 40. Bb2 Rc7 41.
Rxc7+ Nxc7 42. d6 Nb5 43. d7 Ke6 44. g4 h4 45. gxf5+ Kxf5 46. Rd5+ Ke6 47. Rh5
Rxd7 48. Rxh4 a5 49. Re4+ Kf7 50. Re5 Nd6 51. Bd4 Rc7 52. Rxa5 Ne4 53. Rf5+ Kg6
54. Rxf3 Rc2 55. Kg2 Rxa2 56. Rf4 Nd2 57. Rf6+ Kh5 58. Rb6 Ne4 59. Rxb4 Rxf2+
60. Kg1 Rf5 61. Bb6 Nd2 62. Kg2 Nf3 63. Rf4 Ne1+ 64. Kf1 Rxf4+ 65. exf4 Nd3 66.
Be3 Kh4 67. Kg2 Ne1+ 68. Kf1 Nd3 69. f5 Kxh3 70. Ke2 Kg4 71. f6 Ne5 1/2-1/2

[Event "22nd ch-EUR Indiv 2022"]
[Site "Terme Catez SLO"]
[Date "2022.03.31"]
[Round "5.114"]
[White "Unuk, Laura"]
[Black "Gombocz, Ferenc Jr."]
[Result "1/2-1/2"]
[WhiteTitle "IM"]
[BlackTitle "FM"]
[WhiteElo "2346"]
[BlackElo "2188"]
[WhiteFideId "14609215"]
[BlackFideId "775029"]
[EventDate "2022.03.27"]

1. e4 e5 2. Nf3 Nc6 3. Bb5 g6 4. c3 a6 5. Bxc6 dxc6 6. d4 Bg4 7. Qb3 Bxf3 8.
gxf3 b5 9. dxe5 Qe7 10. Be3 Bg7 11. f4 f6 12. exf6 Nxf6 13. Nd2 O-O-O 14. e5 Nd5
15. O-O-O Bh6 16. Nf3 Bxf4 17. Bxf4 Nxf4 18. Qc2 Rxd1+ 19. Rxd1 Rd8 20. Rxd8+
Qxd8 21. Qe4 Nd3+ 22. Kc2 Nc5 23. Qe3 Ne6 24. Nd4 Qd7 25. b4 Nxd4+ 26. Qxd4 Qf5+
27. Kc1 Qe6 28. Kb2 g5 29. h4 g4 30. h5 h6 31. Kc1 Qf5 32. a3 Qg5+ 33. Kb2 Qxh5
34. e6 Qd5 35. Qh8+ Kb7 36. Qxh6 Qe4 37. Qf6 Qe2+ 38. Kc1 Qe1+ 39. Kc2 Qe2+ 40.
Kc1 Qe1+ 1/2-1/2

[Event "22nd ch-EUR Indiv 2022"]
[Site "Terme Catez SLO"]
[Date "2022.03.31"]
[Round "5.115"]
[White "Pasztor, Balazs"]
[Black "Pozun, Matej"]
[Result "1-0"]
[WhiteTitle "FM"]
[WhiteElo "2338"]
[BlackElo "2168"]
[WhiteFideId "774723"]
[BlackFideId "14618788"]
[EventDate "2022.03.27"]

1. e4 c5 2. Nf3 Nc6 3. d4 cxd4 4. Nxd4 Nf6 5. Nc3 e5 6. Ndb5 d6 7. Bg5 a6 8. Na3
b5 9. Nd5 Be7 10. Bxf6 Bxf6 11. c3 O-O 12. Nc2 Rb8 13. h4 g6 14. h5 Bg7 15. Nce3
Be6 16. a4 bxa4 17. Qxa4 Ne7 18. Nb4 f5 19. hxg6 hxg6 20. exf5 gxf5 21. Qxa6 Ra8
22. Qxa8 Qxa8 23. Rxa8 Rxa8 24. g3 Ra1+ 25. Kd2 f4 26. gxf4 exf4 27. Nd1 Ng6 28.
Bg2 Kf8 29. Bd5 Bf5 30. f3 Bf6 31. Nc6 Rb1 32. Rh5 Nh4 33. Rxf5 Nxf5 34. Be4
Rxd1+ 35. Kxd1 Ne3+ 36. Kd2 Ke8 37. Nb4 Kd7 38. b3 Kc7 39. Kd3 Kb6 40. c4 Kc5
41. Na6+ Kb6 42. Nb8 Kc7 43. Nc6 Nd1 44. Nb4 Ne3 45. Bg6 Be5 46. Ke4 Nf1 47.
Nd5+ Kd7 48. Kd3 Kc6 49. b4 Ng3 50. Be8+ Kb7 51. Ne7 Bb2 52. Bf7 Ba3 53. Nd5 Bc1
54. Bg6 Nf1 55. Be4 Ka7 56. Kc2 Ba3 57. Kd3 Bc1 58. Nc3 Kb6 59. Nb5 Ne3 60. Nxd6
Bb2 61. c5+ Kc7 62. Nf5 Nf1 63. Nd4 Kb8 64. b5 Ne3 65. Nf5 Nf1 66. b6 Be5 67.
Ne7 Bf6 68. Nd5 Be5 69. c6 Ng3 70. c7+ 1-0